LDR 00839naa#a2200169#i#450# 001 RU\INFRA-M\bibl\115291 005 20260513194535.3 011 ## _a2500-0527 100 ## _a20260427b2026####ek#y0rusy0150####ca 102 ## _aRU 200 1# _aДокументальное отражение в бухгалтерском учете коммерческих организаций информации об утечке информации _eЖурнальная статья 210 1# _aМосква _cОбщество с ограниченной ответственностью «Научно-издательский центр ИНФРА-М» _d2026 215 ## _a9 с. 608 ## _aЖурнальная статья _2local 675 ## _aЭкономика. Экономические науки. 33 _z 700 #1 _aГолова _gЕ. Е. 856 4# _anaukaru.ru _u